Statistiques concernant Les 15 ex-républiques de l'URSS

Cliquez ici pour prendre le quiz!

Statistiques générales

  • Ce quiz a été pris 373 fois
  • Le résultat moyen est 19 sur 30

Statistiques - réponses

Réponse% Correct
Ukraine
93%
Biélorussie
92%
Estonie
91%
Lituanie
90%
Lettonie
89%
Arménie
83%
Géorgie
83%
Ouzbekistan
83%
Russie
82%
Turkmenistan
80%
Kazakhstan
79%
Kiev
77%
Tadjikistan
76%
Azerbaidjan
75%
Moldavie
73%
Moscou
69%
Minsk
65%
Riga
62%
Kirghizistan
61%
Vilnius
57%
Bakou
45%
Erevan
45%
Tallinn
43%
Astana
42%
Tbilissi
38%
Tachkent
34%
Chisinau
31%
Bichkek
28%
Douchanbé
23%
Achgabat
21%

Distribution des résultats

Percentile par nombre de réponses

% des personnes avec chaque résultat

Votre développement - résultats

Vous n’avez pas pris ce quiz